Southville International School and Colleges
Your cart is empty.
  • Cart
  • Lists
    Public lists Eva Luna New books Lux_list list_1
    Your lists Log in to create your own lists
  • Log in to your account
  • Your cookies
  • Search history
Southville International School and Colleges
  • Advanced search
  • Recent comments
  • Most popular
  • Libraries

Log in to your account

Log in with GOOGLE


If you do not have an external account, but do have a local account, you can still log in:

  1. Home
  2. MARC view: Introductory botany :
Normal view MARC view ISBD view

Introductory botany : (Record no. 14117)

[ view plain ]
MARC details
000 -LEADER
fixed length control field 00800cam a22002414a 4500
003 - CONTROL NUMBER IDENTIFIER
control field OSt
005 - DATE AND TIME OF LATEST TRANSACTION
control field 20140310182529.0
008 - FIXED-LENGTH DATA ELEMENTS--GENERAL INFORMATION
fixed length control field 061130s2008 cauab b 001 0 eng
020 ## - INTERNATIONAL STANDARD BOOK NUMBER
International Standard Book Number 9780534466695
020 ## - INTERNATIONAL STANDARD BOOK NUMBER
International Standard Book Number 0534466699
050 00 - LIBRARY OF CONGRESS CALL NUMBER
Classification number QK 47
Item number .B493 2008
100 1# - MAIN ENTRY--PERSONAL NAME
Personal name Berg, Linda R.
9 (RLIN) 7698
245 10 - TITLE STATEMENT
Title Introductory botany :
Remainder of title plants, people, and the environment /
Statement of responsibility, etc Linda R. Berg.
250 ## - EDITION STATEMENT
Edition statement 2nd ed.
260 ## - PUBLICATION, DISTRIBUTION, ETC. (IMPRINT)
Place of publication, distribution, etc Belmont, CA :
Name of publisher, distributor, etc Thomson Brooks/Cole,
Date of publication, distribution, etc c2008.
300 ## - PHYSICAL DESCRIPTION
Extent 622 p. :
Other physical details col. ill. ;
Dimensions 28 cm.
562 ## - COPY AND VERSION IDENTIFICATION NOTE
Number of copies
650 #0 - SUBJECT ADDED ENTRY--TOPICAL TERM
Topical term or geographic name as entry element Botany.
9 (RLIN) 7699
856 41 - ELECTRONIC LOCATION AND ACCESS
Materials specified Table of contents only
Uniform Resource Identifier <a href="http://www.loc.gov/catdir/toc/fy0714/2006939406.html">http://www.loc.gov/catdir/toc/fy0714/2006939406.html</a>
856 42 - ELECTRONIC LOCATION AND ACCESS
Materials specified Publisher description
Uniform Resource Identifier <a href="http://www.loc.gov/catdir/enhancements/fy1104/2006939406-d.html">http://www.loc.gov/catdir/enhancements/fy1104/2006939406-d.html</a>
942 ## - ADDED ENTRY ELEMENTS (KOHA)
Source of classification or shelving scheme Library of Congress Classification
Koha item type
Holdings
Withdrawn status Lost status Source of classification or shelving scheme Damaged status Home library Current library Shelving location Date acquired Source of acquisition Total Checkouts Total Renewals Full call number Barcode Date last seen Date checked out Copy number Price effective from Koha item type
    Library of Congress Classification   South SEED-LPDH College Library South SEED-LPDH College Library South SEED-LPDH College Section 08/13/2013 Donation 5 3 QK 47 .B493 2008 SSLC0556 11/26/2018 11/12/2018 1 08/13/2013 Books

Introductory botany :

APA

Berg L. R., . (2008). Introductory botany. Belmont, CA: Thomson Brooks/Cole.

Chicago

Berg Linda R, . 2008. Introductory botany. Belmont, CA: Thomson Brooks/Cole.

Harvard

Berg L. R., . (2008). Introductory botany. Belmont, CA: Thomson Brooks/Cole.

MLA

Berg Linda R, . Introductory botany. Belmont, CA: Thomson Brooks/Cole. 2008.

  • Place hold
  • Print
  • Cite
  • Add to your cart (remove)
  • Save record
    BIBTEX Dublin Core MARCXML MARC (non-Unicode/MARC-8) MARC (Unicode/UTF-8) MARC (Unicode/UTF-8, Standard) MODS (XML) RIS
  • More searches
    Search for this title in:
    Other Libraries (WorldCat) Other Databases (Google Scholar) Online Stores (Bookfinder.com) Open Library (openlibrary.org)

Exporting to Dublin Core...

SOUTHVILLE LIBRARY

Southville International School and Colleges Library

1281 Tropical Ave. Cor. Luxembourg St., BF Homes International, Las Pinas City

Tel. No. 8256374 / 252358 Loc. 117/146

Powered by Koha